000 00409nam a2200133Ia 4500
008 180925s9999 xx 000 0 und d
020 _a9789814687331
100 _aSexton, Robert L.
245 _cRobert L. Sexton, Cynthia L. Greene.--
_aEconomics and entrepreneurship /
260 _aPhilippines :
_bCengage learning
_c2015
300 _axi, 399 pages.
650 _aEconomics.
650 _aEntrepreneurship.
999 _c358856
_d358856